pays ayant des reords du monde - Statistiques

Statistiques générales
  • Ce quiz a été pris 147 fois
  • Le résultat moyen est 9 sur 12
Statistiques - réponses
record pays % Correct
pays le plus grand russie
99%
classement fifa brésil
98%
pays ayant gagné le plus de coupes du monde brésil
98%
pays le plus peulé chine
98%
pays ayant gagné le plus de batailles france
98%
pays le plus petit vatican
96%
pays le moins peuplé vatican
96%
pays ayant eu le plus grand empire royaume uni
81%
pays avec le plus de chateaux allemagne
76%
classement gfp usa
49%
pays le plus ancien égypte
32%
pays ayant adopté son drapeau actuel le plus tot danemark
20%
Aucun quiz correspondant
Distribution des résultats
% des personnes avec chaque résultat
Percentile par nombre de réponses
Votre historique - résultats
Vous n’avez pas pris ce quiz